000 00490cam a22001934a 4500
005 20250605164321.0
008 250528s ||||||||||||||||||||||||d
035 _a22908
020 _a9780395597453
040 _aGR-AtMCL
_bgre
_dGR-AtMCL
_eAACR2
245 1 _aPATTERNS PLUS / A SHORT PROSE READER WITH ARGUMENTATION
250 _a4
260 _bHoughton Mifflin,
_c1992
300 _a429
700 1 _aConlin Mary Lou
_95160
942 _cBK
999 _c7952
_d7952